000 00999nmc a2200325 a 4500
003 AR-BaBNM
005 20251128205405.0
008 297019s[s.f ||||||||||||||000 | spa||
020 _a7232-383-8
040 _cAR-BaBNM
100 1 _aDietrich, Wolf
245 1 0 _aEl idioma chiriguano
_bgramática, textos, vocabulario
260 _aMadrid
_bCultura Hispánica
_bInstituto de cooperación Iberoamericana
_c[s.f.]
300 0 _a356 p.
_btablas, láms.
490 0 _aAmerindia
500 0 _aSe encuentra un vocabulario chiriguano- castellano para consultar p. 279-356.
504 _aBibliografía para consultar p. 35-41.
650 4 _aFILOLOGIA
650 4 _aLENGUAS INDIAS SUDAMERICANAS
650 4 _aLENGUAS AMERINDIAS
650 4 _aLINGUISTICA
650 4 _aABORIGENES
650 4 _aHISTORIA SOCIAL
650 4 _aHISTORIA DE LAS COSTUMBRES
650 4 _aHISTORIA CULTURAL
651 4 _aAmérica Latina
800 1 _aTovar, A.
_edirector
942 _cBK
998 _cmariana
999 _c11225
_d11225